000 01116nam a2200301Ia 4500
001 ebr10033064
003 CaPaEBR
006 m u
007 cr cn|||||||||
008 020330s2001 enka sb 001 0 eng d
010 _z 49852128
020 _z0727916203
020 _z0585394652
040 _aCaPaEBR
_cCaPaEBR
035 _a(OCoLC)559643955
050 1 4 _aRC681
_b.E38 v.1 2001eb
245 0 0 _aEducation in heart.
_nVol. 1 /
_h[electronic resource] /
_cseries editor, Peter Mills.
260 _aLondon :
_bBMJ Books,
_cc2001.
300 _aix, 254 p. :
_bill. (some col.)
504 _aIncludes bibliographical references and index.
533 _aElectronic reproduction.
_bPalo Alto, Calif. :
_cebrary,
_d2009.
_nAvailable via World Wide Web.
_nAccess may be limited to ebrary affiliated libraries.
650 0 _aCardiology.
650 0 _aHeart
_xDiseases.
655 7 _aElectronic books.
_2local
700 1 _aMills, Peter.
710 2 _aebrary, Inc.
856 4 0 _uhttp://site.ebrary.com/lib/rucke/Doc?id=10033064
_zAn electronic book accessible through the World Wide Web; click to view
999 _c63210
_d63210